[Event "Budapest FS02 FM-C"]
[Site "Budapest"]
[Date "2006.02.12"]
[Round "8"]
[White "Czimer, Jozsef"]
[Black "Engerbrecht, Imre"]
[Result "0-1"]
[WhiteElo "1893"]
[BlackElo "1788"]
[PlyCount "98"]
[EventDate "2006.02.05"]
[EventType "tourn"]
[EventRounds "9"]
[EventCountry "HUN"]
[SourceTitle "CBM 110 Extra"]
[Source "ChessBase"]
[SourceDate "2006.03.10"]
[SourceVersion "2"]
[SourceVersionDate "2006.03.10"]
[SourceQuality "1"]

1. e4 e5 2. Nf3 Nc6 3. Bb5 d6 4. d4 exd4 5. Nxd4 Bd7 6. Nxc6 bxc6 7. Bd3 Nf6 8. 0-0 Be7 9. Nd2 0-0 10. Re1 Re8 11. Nf1 Rb8 12. c3 Ng4 13. Be2 Ne5 14. f4 Ng6 15. g3 d5 16. Bf3 Bh3 17. Qc2 Bc5+ 18. Be3 Qd6 19. b4 Bb6 20. Bxb6 axb6 21. Qd2 Rbd8 22. e5 Qd7 23. Qf2 Kh8 24. Rad1 f6 25. exf6 gxf6 26. Qd4 Qg7 27. Kf2 Rg8 28. Ne3 Rde8 29. g4 Nh4 30. Rg1 Nxf3 31. Kxf3 Re4 32. Qd2 Qh6 33. Nf5 Qg6 34. Ne3 h5 35. g5 fxg5 36. fxg5 Rf8+ 37. Ke2 Bg4+ 38. Rxg4 hxg4 39. Rg1 Rf3 40. Rxg4 Rfxe3+ 41. Qxe3 Rxe3+ 42. Kxe3 Qe6+ 43. Kf3 Qf5+ 44. Kg3 Qd3+ 45. Kh4 Qxc3 46. Kh5 d4 47. h4 Qf3 48. g6 d3 49. Kg5 Qxg4+ 0-1

[Event "Budapest FS02 FM-C"]
[Site "Budapest"]
[Date "2006.02.10"]
[Round "6"]
[White "Babarczy, Peter"]
[Black "Engerbrecht, Imre"]
[Result "0-1"]
[WhiteElo "1910"]
[BlackElo "1788"]
[PlyCount "112"]
[EventDate "2006.02.05"]
[EventType "tourn"]
[EventRounds "9"]
[EventCountry "HUN"]
[SourceTitle "CBM 110 Extra"]
[Source "ChessBase"]
[SourceDate "2006.03.10"]
[SourceVersion "2"]
[SourceVersionDate "2006.03.10"]
[SourceQuality "1"]

1. e4 e5 2. Nf3 Nc6 3. Bb5 d6 4. h3 Nf6 5. d3 Be7 6. 0-0 0-0 7. c3 Nh5 8. Bxc6 bxc6 9. Nxe5 dxe5 10. Qxh5 Qxd3 11. Qxe5 Bd6 12. Qd4 Ba6 13. Qxd3 Bxd3 14. Re1 Rfe8 15. Nd2 f5 16. e5 Rxe5 17. Rxe5 Bxe5 18. Nf3 Bd6 19. Bd2 Re8 20. Re1 Rxe1+ 21. Bxe1 Kf7 22. b4 Ke6 23. Ng5+ Kf6 24. Nf3 h6 25. g3 g5 26. Bd2 c5 27. a3 Be4 28. Ne1 a6 29. Be3 cxb4 30. cxb4 Ke6 31. Kf1 Kd5 32. Ke2 Kc4 33. Nf3 Bxf3+ 34. Kxf3 Kb3 35. Bc1 c5 36. bxc5 Bxc5 37. h4 Bxa3 38. Bd2 Bb4 39. Bc1 Be7 40. g4 fxg4+ 41. Kxg4 a5 42. hxg5 hxg5 43. Bxg5 Bxg5 44. Kxg5 a4 45. f4 a3 46. f5 a2 47. f6 a1Q 48. Kg6 Qg1+ 49. Kh7 Qc5 50. Kg7 Qg5+ 51. Kf7 Kc4 52. Ke6 Qd5+ 53. Ke7 Qe5+ 54. Kf7 Kd5 55. Kg6 Qe8+ 56. Kh7 Ke6 0-1

[Event "Budapest FS02 FM-C"]
[Site "Budapest"]
[Date "2006.02.07"]
[Round "3"]
[White "Fulop, Szabolcs"]
[Black "Engerbrecht, Imre"]
[Result "1/2-1/2"]
[WhiteElo "1906"]
[BlackElo "1788"]
[PlyCount "57"]
[EventDate "2006.02.05"]
[EventType "tourn"]
[EventRounds "9"]
[EventCountry "HUN"]
[SourceTitle "CBM 110 Extra"]
[Source "ChessBase"]
[SourceDate "2006.03.10"]
[SourceVersion "2"]
[SourceVersionDate "2006.03.10"]
[SourceQuality "1"]

1. d4 Nf6 2. Nf3 g6 3. c4 Bg7 4. Nc3 d6 5. e4 c6 6. Be3 0-0 7. Qd2 e5 8. Rd1 Qc7 9. dxe5 dxe5 10. Bc5 Re8 11. Bd6 Qa5 12. b4 Qd8 13. c5 Bg4 14. Bc4 Nbd7 15. a3 Qc8 16. Bxf7+ Kxf7 17. Ng5+ Kg8 18. Qa2+ Nd5 19. Nxd5 cxd5 20. f3 Nf6 21. fxg4 Qxg4 22. Rxd5 h6 23. Rxe5+ Kh8 24. Nf7+ Kh7 25. 0-0 Nxe4 26. Rxe8 Rxe8 27. h3 Qd7 28. a4 Nc3 29. Qa3 1/2-1/2